000 00309nam a2200133Ia 4500
005 20260326100037.0
008 260326s9999||||xx |||||||||||||| ||und||
100 _aSmith, Jannuzzi
245 0 _a& Fork /
_cJannuzzi Smith
260 _bPhaidon
300 _a444 p.
650 _aDISEÑO INDUSTRIAL
942 _cBK
999 _c6866
_d6866